000 00550nam a22001817a 4500
003 CEME
005 20210628204142.0
008 210112b xxu||||| |||| 00| 0 eng d
020 _a9788131769934
040 _cceme
082 _a005.276 STE
100 _aSteele, James , Nelson To
_968978
245 _aThe android developer's cookbook , building applications with the android sdk developer's library
260 _aINDIA
_bPEARSON EDUCATION
_c2012
300 _aXV, 339P
650 _aANDROID DEVELOPER'S COOKBOOK.
_968979
942 _cBK
_2ddc
_02
999 _c576416
_d576416